[Event "POL-chT 2nd League"]
[Site "Szklarska Poreba"]
[Date "2017.09.04"]
[Round "3.16"]
[White "Augustowski, Janusz"]
[Black "Guziewicz, Wojciech"]
[Result "1-0"]
[WhiteElo "1804"]
[BlackElo "1836"]
[PlyCount "111"]
[EventDate "2017.09.02"]
[EventType "team-swiss"]
[EventRounds "9"]
[EventCountry "POL"]
[SourceTitle "CBM 180 Extra"]
[Source "ChessBase"]
[SourceDate "2017.10.06"]
[SourceVersion "1"]
[SourceVersionDate "2017.10.06"]
[SourceQuality "1"]
[WhiteTeam "Wloclawek 1938"]
[BlackTeam "Przedwojow Debiut"]
[WhiteTeamCountry "POL"]
[BlackTeamCountry "POL"]

1. d4 Nf6 2. Nf3 e6 3. g3 d5 4. Bg2 c5 5. 0-0 Nc6 6. c3 cxd4 7. cxd4 Be7 8. Nc3 0-0 9. a3 a6 10. Bf4 b5 11. b4 Bb7 12. Qb3 Bd6 13. Bxd6 Qxd6 14. Rfd1 Rfc8 15. e3 Rc7 16. Ne1 Rac8 17. Rac1 Nb8 18. Nd3 Nbd7 19. Nc5 Nb6 20. a4 bxa4 21. N3xa4 Nfd7 22. Nxb7 Rxb7 23. Nc5 Ra7 24. Ra1 a5 25. Rxa5 Rxa5 26. bxa5 Nc4 27. Nxd7 Qxd7 28. a6 Qa7 29. Qb7 Ra8 30. Qxa7 Rxa7 31. Ra1 Kf8 32. e4 dxe4 33. Bxe4 Ke7 34. Rc1 Nd6 35. Bd3 Kd7 36. Kg2 g6 37. Kf3 f6 38. h4 e5 39. dxe5 fxe5 40. Ra1 Ke6 41. g4 Kd5 42. Ra5+ Kd4 43. Be2 Rf7+ 44. Kg2 Ra7 45. f3 h6 46. Kf2 Ra8 47. Ra4+ Kd5 48. Bd3 Ra7 49. Ke3 g5 50. hxg5 hxg5 51. Ra1 Ke6 52. Rh1 Nf7 53. Rh7 Kd5 54. Bg6 Rxa6 55. Bxf7+ Kc5 56. Rh5 1-0

[Event "POL-chT3 Dolnoslaskie 1516"]
[Site "Poland"]
[Date "2016.03.06"]
[Round "8.18"]
[White "Guziewicz, Wojciech"]
[Black "Stelmaszuk, Maciej"]
[Result "0-1"]
[WhiteElo "1812"]
[BlackElo "1809"]
[PlyCount "54"]
[EventDate "2015.10.18"]
[EventType "team-tourn"]
[EventRounds "11"]
[EventCountry "POL"]
[SourceTitle "EXT 2018"]
[Source "ChessBase"]
[SourceDate "2017.10.13"]
[SourceVersion "1"]
[SourceVersionDate "2017.10.13"]
[SourceQuality "1"]

1. e4 c5 2. Nf3 Nc6 3. Nc3 g6 4. d4 cxd4 5. Nxd4 Bg7 6. Nxc6 bxc6 7. Bd2 d6 8. Bd3 Nf6 9. 0-0 0-0 10. Rb1 Qc7 11. h3 d5 12. exd5 cxd5 13. Re1 e5 14. Bg5 Bb7 15. Bf1 d4 16. Bxf6 Bxf6 17. Ne4 Bg7 18. b4 Bd5 19. c4 Bxe4 20. Rxe4 f5 21. Re1 e4 22. f3 Rae8 23. c5 d3 24. fxe4 fxe4 25. Qb3+ Kh8 26. Qc4 Qf4 27. Rb2 Bxb2 0-1

[Event "POL-chT3 Dolnoslaskie 1314"]
[Site "Poland"]
[Date "2013.11.03"]
[Round "2.23"]
[White "Guziewicz, Wojciech"]
[Black "Szmyd, Marek"]
[Result "0-1"]
[WhiteElo "1947"]
[BlackElo "2011"]
[PlyCount "80"]
[EventDate "2013.10.20"]
[EventType "team-tourn"]
[EventRounds "11"]
[EventCountry "POL"]
[SourceTitle "EXT 2018"]
[Source "ChessBase"]
[SourceDate "2017.10.13"]
[SourceVersion "1"]
[SourceVersionDate "2017.10.13"]
[SourceQuality "1"]
[WhiteTeam "Przedwojow Debiut"]
[BlackTeam "Zarow Goniec"]
[WhiteTeamCountry "POL"]
[BlackTeamCountry "POL"]

1. e4 c5 2. c3 d5 3. Nf3 dxe4 4. Qa4+ Bd7 5. Qxe4 Bc6 6. Qe3 e6 7. Na3 Nf6 8. Nc2 Nd5 9. Qe5 Nd7 10. Qg3 e5 11. d3 h6 12. Be2 Qf6 13. Ne3 Nxe3 14. fxe3 e4 15. dxe4 Bd6 16. Qg4 0-0 17. 0-0 Qe7 18. Bd3 Nf6 19. Qh4 Bxe4 20. Bc4 Rad8 21. Nd2 Bg6 22. Re1 Ne4 23. Qxe7 Bxe7 24. Nxe4 Bxe4 25. Be2 f5 26. a4 Bf6 27. Ra3 Rd6 28. b4 cxb4 29. cxb4 Rc8 30. Bf3 Bc3 31. Rf1 Bxb4 32. Rb3 a5 33. Bxe4 fxe4 34. Bb2 b6 35. Bd4 Bc5 36. Rc1 Rxd4 37. Rxb6 Rxa4 38. Kf1 Bxb6 39. Rxc8+ Kf7 40. Kf2 Ra2+ 0-1

[Event "Polanica Zdroj op-B 49th"]
[Site "Polanica Zdroj"]
[Date "2013.08.??"]
[Round "2"]
[White "Guziewicz, Wojciech"]
[Black "Psyk, Radoslaw"]
[Result "1/2-1/2"]
[WhiteElo "1977"]
[BlackElo "1805"]
[PlyCount "81"]
[EventDate "2013.08.17"]
[EventType "swiss"]
[EventRounds "9"]
[EventCountry "POL"]
[SourceTitle "CBM 156 Extra"]
[Source "ChessBase"]
[SourceDate "2013.10.22"]
[SourceVersion "1"]
[SourceVersionDate "2013.10.22"]
[SourceQuality "1"]

1. e4 c5 2. c3 d5 3. e5 d4 4. cxd4 cxd4 5. d3 Nc6 6. Bf4 e6 7. Nf3 Nge7 8. Nbd2 Nd5 9. Bg3 Bb4 10. a3 Ba5 11. Be2 Nc3 12. Qc2 Nxe2 13. Kxe2 Bxd2 14. Nxd2 Qd5 15. Nf3 0-0 16. Rhc1 f6 17. Qc4 Rd8 18. Qxd5 Rxd5 19. exf6 gxf6 20. b4 a5 21. Rab1 axb4 22. axb4 Ra2+ 23. Kf1 e5 24. b5 Ne7 25. Rc7 Bf5 26. Ne1 Rd7 27. Rc4 Nd5 28. Bh4 Kf7 29. Rbc1 Nf4 30. Rc7 Nxd3 31. Rxd7+ Bxd7 32. Rc7 Ra1 33. Ke2 Nf4+ 34. Kd2 Ke6 35. Rxb7 Rxe1 36. Kxe1 Nxg2+ 37. Kd1 Nxh4 38. b6 Kd6 39. Ra7 Bg4+ 40. Kc1 Bd7 41. b7 1/2-1/2

[Event "Lubawka op 2nd"]
[Site "Lubawka"]
[Date "2007.07.09"]
[Round "5"]
[White "Guziewicz, Wojciech"]
[Black "Galka, Kazimierz"]
[Result "1/2-1/2"]
[WhiteElo "1977"]
[BlackElo "1885"]
[PlyCount "92"]
[EventDate "2007.07.07"]
[EventType "swiss"]
[EventRounds "9"]
[EventCountry "POL"]
[SourceTitle "CBM 119 Extra"]
[Source "ChessBase"]
[SourceDate "2007.09.04"]
[SourceVersion "1"]
[SourceVersionDate "2007.09.04"]
[SourceQuality "1"]

1. e4 e5 2. Nf3 Nc6 3. Bc4 Nf6 4. Nc3 Be7 5. d3 d6 6. h3 Na5 7. Nd2 Nxc4 8. Nxc4 0-0 9. Ne3 c6 10. 0-0 d5 11. Nf5 dxe4 12. Nxe7+ Qxe7 13. Nxe4 Nxe4 14. dxe4 Be6 15. Qe2 f6 16. b3 Rfd8 17. Be3 b6 18. Rfd1 c5 19. c4 Qf7 20. Rac1 Qb7 21. f3 a6 22. Rc2 Qc7 23. Rcd2 Rxd2 24. Rxd2 Rd8 25. Rd3 Rxd3 26. Qxd3 Qd7 27. Qd2 Kf7 28. Kf2 g6 29. Ke2 f5 30. Qc3 Qd6 31. Bg5 Bc8 32. exf5 gxf5 33. Be3 h5 34. h4 Ke6 35. Bg5 Qd4 36. Qd2 Bb7 37. Be3 Qxd2+ 38. Kxd2 b5 39. Kc3 e4 40. fxe4 Bxe4 41. g3 Kd6 42. Bg5 Kc6 43. Bf4 Bf3 44. a3 Be2 45. Kd2 Bf3 46. Kd3 Be4+ 1/2-1/2

[Event "POL-chT 2nd League"]
[Site "Lublin"]
[Date "2006.09.10"]
[Round "9.89"]
[White "Guziewicz, Wojciech"]
[Black "Hermanowicz, Dominika"]
[Result "1/2-1/2"]
[WhiteElo "2005"]
[BlackElo "2088"]
[PlyCount "67"]
[EventDate "2006.09.02"]
[EventType "team-swiss"]
[EventRounds "9"]
[EventCountry "POL"]
[SourceTitle "EXT 2019"]
[Source "ChessBase"]
[SourceDate "2018.10.10"]
[SourceVersion "1"]
[SourceVersionDate "2018.10.10"]
[SourceQuality "1"]
[WhiteTeam "Przedwojow Debiut"]
[BlackTeam "Wroclaw AZS Politechnika"]
[WhiteTeamCountry "POL"]
[BlackTeamCountry "POL"]

1. e4 e6 2. d4 d5 3. exd5 exd5 4. Bf4 Bd6 5. Bxd6 Qxd6 6. Bd3 Ne7 7. c3 Bf5 8. Ne2 0-0 9. 0-0 Nd7 10. Ng3 Bxd3 11. Qxd3 Nf6 12. Nd2 Rfe8 13. Rfe1 Ng6 14. Nf3 c6 15. Rxe8+ Rxe8 16. Re1 Rxe1+ 17. Nxe1 Qe6 18. Nc2 Ne4 19. Ne2 Ne7 20. f3 Nd6 21. Ne3 f5 22. Nf4 Qf6 23. g3 g5 24. Nfg2 Ng6 25. Kf2 h5 26. Nf1 g4 27. Nd2 h4 28. Qe3 hxg3+ 29. hxg3 gxf3 30. Nxf3 Ne4+ 31. Kg1 Nxg3 32. Qe8+ Kg7 33. Qb8 Ne2+ 34. Kf2 1/2-1/2

[Event "POL-chT 2nd League"]
[Site "Wysowa"]
[Date "2005.09.03"]
[Round "8.53"]
[White "Kiersz, Ludwik"]
[Black "Guziewicz, Wojciech"]
[Result "1/2-1/2"]
[WhiteElo "2140"]
[BlackElo "1800"]
[PlyCount "88"]
[EventDate "2005.08.27"]
[EventType "team-swiss"]
[EventRounds "9"]
[EventCountry "POL"]
[SourceTitle "EXT 2019"]
[Source "ChessBase"]
[SourceDate "2018.10.10"]
[SourceVersion "1"]
[SourceVersionDate "2018.10.10"]
[SourceQuality "1"]
[WhiteTeam "Pultusk Nadnarwianka"]
[BlackTeam "Przedwojow Debiut"]
[WhiteTeamCountry "POL"]
[BlackTeamCountry "POL"]

1. d4 Nf6 2. Nc3 d5 3. Bg5 e6 4. e4 dxe4 5. Bxf6 Qxf6 6. Nxe4 Qd8 7. Nf3 Be7 8. Qd2 b6 9. Bb5+ c6 10. Bd3 Bb7 11. 0-0-0 Qc7 12. Neg5 h6 13. Ne4 Nd7 14. Rhe1 0-0-0 15. h4 Kb8 16. g3 Rhf8 17. Nc3 Nf6 18. a3 Nd5 19. Nxd5 cxd5 20. Kb1 Bd6 21. Re3 Rc8 22. Qe2 Qd7 23. Bb5 Bc6 24. Rb3 Bxb5 25. Qxb5 Qxb5 26. Rxb5 Rc4 27. Rb3 Rfc8 28. Ne1 Kb7 29. Rf3 R4c7 30. Rdd3 Re7 31. Rfe3 Rec7 32. c3 Be7 33. Ng2 h5 34. Re2 Bd6 35. Kc2 g6 36. Rde3 Rd7 37. Ne1 Bf8 38. Rf3 Bg7 39. Kb3 Kc6 40. Nd3 Kd6 41. Re1 Re8 42. Rfe3 Rc7 43. f3 Bf6 44. Nf4 Rce7 1/2-1/2